000 00692nam a2200229Ia 4500
003 GCL
008 140319s9999 xx 000 0 ara d
020 _a6251470977
040 _aGCL /
_cGCL
082 0 4 _a814.008
_bا و
100 1 _aانيس منصور
245 1 0 _aوجع فى قلب اسرائيل /
_cانيس منصور
250 _aالثانية
260 _aالقاهرة :
_bالزهراء للاعلام العربى ،
_c1986
300 _a198 ص ؛
_c24سم
490 _a
650 0 4 _aالاحوال الاجتماعية
650 0 4 _aالاحوال السياسية
650 0 4 _aاسرائيل
650 0 4 _aمقالات ومحاضرات
942 _2ddc
_cBK
999 _c31971
_d31971